| 000 | 00791mam a2200289 i 4500 | ||
|---|---|---|---|
| 001 | 2260729 | ||
| 003 | ARRUPE | ||
| 005 | 20150109145057.0 | ||
| 008 | 750903s1976 nyu b 000 0 eng | ||
| 010 | _a 75009480 | ||
| 020 | _c$7.95 | ||
| 035 | _a(OCoLC)1659492 | ||
| 035 | _a(OCoLC)ocm01659492 | ||
| 035 | _a(NNC)2260729 | ||
| 040 | _cds | ||
| 050 | 0 |
_aT14 _b.F56 |
|
| 082 | 0 | 0 | _a601 |
| 100 | 1 |
_aFlorman, Samuel C. _913703 |
|
| 245 | 1 | 4 |
_aThe existential pleasures of engineering / _cSamuel C. Florman. |
| 260 |
_aNew York : _bSt. Martin's Press, _cc1976. |
||
| 300 |
_axi, 160 p. ; _c22 cm. |
||
| 504 | _aIncludes bibliographical references. | ||
| 650 | 0 |
_aTechnology _xPhilosophy. _913704 |
|
| 650 | 0 |
_aEngineering. _913705 |
|
| 942 |
_2lcc _cMONOGRAPH |
||
| 999 |
_c121582 _d121582 |
||